Arctic Monkeys multiple choice 2025 - Statistics

General Stats
  • This quiz has been taken 15 times
  • The average score is 13 of 15
Answer Stats
Question Answer % Correct
how many members are there? 4
100%
who's the lead singer? alex turner
100%
which one is an arctic monkeys song? crying lightning
100%
which other band was the lead singer in the last shadow puppets
100%
when was the album AM released? 2013
93%
Who is/was in two different bands? alex turner
93%
who was the original bassist before nick o'malley? andy nicholson
93%
which one is actually an arctic monkeys album? humbug
93%
which city are they from? sheffield
93%
what is their debut album called? Whatever People Say I Am, That's What I'm Not
93%
when was their last tour? (as of 2025) 2023
87%
how many albums have they released? 7
87%
when did the band form? 2002
73%
when was their debut album released? 2006
73%
how many brit awards have they won? 7
40%
No matching quizzes found
Score Distribution
Percent of People with Each Score
Percentile by Number Answered
Your Score History
You have not taken this quiz